Tulunada garodigala samskratika adhyayana. (Record no. 93492)
[ view plain ]
| 000 -LEADER | |
|---|---|
| fixed length control field | 00776nam a2200205Ia 4500 |
| 003 - CONTROL NUMBER IDENTIFIER | |
| control field | OSt |
| 005 - DATE AND TIME OF LATEST TRANSACTION | |
| control field | 20260428142956.0 |
| 008 - FIXED-LENGTH DATA ELEMENTS--GENERAL INFORMATION | |
| fixed length control field | 210210b1990 xxu||||| |||| 00| 0 eng d |
| 040 ## - CATALOGING SOURCE | |
| Transcribing agency | AL |
| 041 ## - LANGUAGE CODE | |
| Language code of text/sound track or separate title | Kannada |
| 082 ## - DEWEY DECIMAL CLASSIFICATION NUMBER | |
| Classification number | 294.535K BANT |
| 100 ## - MAIN ENTRY--PERSONAL NAME | |
| Personal name | BANNANJE BABU AMIN mattu MOHAN KOTYAN. |
| Dates associated with a name | ಬನ್ನಂಜೆ ಬಾಬು ಅಮೀನ್ ಮತ್ತು ಮೋಹನ್ ಕೋಟ್ಯಾನ್ |
| 9 (RLIN) | 263061 |
| 245 ## - TITLE STATEMENT | |
| Title | Tulunada garodigala samskratika adhyayana. |
| Remainder of title | ತುಳುನಾಡ ಗರೋಡಿಗಳ ಸಾಂಸ್ಕೃತಿಕ ಅಧ್ಯಯನ. |
| 260 ## - PUBLICATION, DISTRIBUTION, ETC. | |
| Place of publication, distribution, etc. | Udupi |
| Name of publisher, distributor, etc. | Shri Bhahmabaidarkala Samskratika Adhyayana Pratishthana |
| Date of publication, distribution, etc. | 1990 |
| 300 ## - PHYSICAL DESCRIPTION | |
| Extent | 374,xxii |
| 650 ## - SUBJECT ADDED ENTRY--TOPICAL TERM | |
| Topical term or geographic name entry element | Garodi |
| 9 (RLIN) | 263062 |
| 690 ## - LOCAL SUBJECT ADDED ENTRY--TOPICAL TERM (OCLC, RLIN) | |
| Topical term or geographic name as entry element | Hinduism |
| 9 (RLIN) | 263063 |
| 906 ## - LOCAL DATA ELEMENT F, LDF (RLIN) | |
| a | 044045 |
| 942 ## - ADDED ENTRY ELEMENTS (KOHA) | |
| Source of classification or shelving scheme | Dewey Decimal Classification |
| Koha item type | Book |
| Withdrawn status | Lost status | Source of classification or shelving scheme | Damaged status | Not for loan | Collection code | Home library | Current library | Shelving location | Date acquired | Cost, normal purchase price | Total Checkouts | Full call number | Barcode | Date last seen | Price effective from | Koha item type |
|---|---|---|---|---|---|---|---|---|---|---|---|---|---|---|---|---|
| Dewey Decimal Classification | Others | St Aloysius Library | St Aloysius Library | 02/17/2021 | 250.00 | 294.535K BANT | 044045 | 02/17/2021 | 02/17/2021 | Book |